Text Book of Biotechnology (Record no. 8852)
[ view plain ]
| 000 -LEADER | |
|---|---|
| fixed length control field | 00409nam a22001697a 4500 |
| 003 - CONTROL NUMBER IDENTIFIER | |
| control field | OSt |
| 008 - FIXED-LENGTH DATA ELEMENTS--GENERAL INFORMATION | |
| fixed length control field | 200713b ||||| |||| 00| 0 eng d |
| 020 ## - INTERNATIONAL STANDARD BOOK NUMBER | |
| International Standard Book Number | 9788121909167 |
| 082 ## - DEWEY DECIMAL CLASSIFICATION NUMBER | |
| Classification number | 660.6 DUT |
| 100 ## - MAIN ENTRY--PERSONAL NAME | |
| Personal name | Dubey , R.C |
| 245 ## - TITLE STATEMENT | |
| Title | Text Book of Biotechnology |
| 250 ## - EDITION STATEMENT | |
| Edition statement | 2019 |
| 260 ## - PUBLICATION, DISTRIBUTION, ETC. (IMPRINT) | |
| Place of publication, distribution, etc | New Delhi |
| Name of publisher, distributor, etc | S.Chand & Co. |
| 300 ## - PHYSICAL DESCRIPTION | |
| Extent | 602 |
| 650 ## - SUBJECT ADDED ENTRY--TOPICAL TERM | |
| Topical term or geographic name as entry element | Pharmaceutical Microbiology/ Biotech |
| 942 ## - ADDED ENTRY ELEMENTS (KOHA) | |
| Source of classification or shelving scheme | Dewey Decimal Classification |
| Koha item type | Text Books |
| Withdrawn status | Lost status | Source of classification or shelving scheme | Damaged status | Not for loan | Collection code | Home library | Current library | Date acquired | Source of acquisition | Currency | Cost, normal purchase price | Bill Number | Total Checkouts | Full call number | Acc. no. / Barcode | Date last seen | Actual Cost, discounted price | Bill Date | Koha item type | Date last borrowed |
|---|---|---|---|---|---|---|---|---|---|---|---|---|---|---|---|---|---|---|---|---|
| Dewey Decimal Classification | B.Pharma | PIET C-LIBRARY | PIET C-LIBRARY | 11/02/2020 | Kirti Prakashan | Rupees | 599.00 | IN6378 | 660.6 DUT | BP1266 | 13/07/2020 | 431.20 | 11/02/2020 | Text Books | ||||||
| Dewey Decimal Classification | B.Pharma | PIET C-LIBRARY | PIET C-LIBRARY | 11/02/2020 | Kirti Prakashan | Rupees | 599.00 | IN6378 | 3 | 660.6 DUT | BP1267 | 28/12/2025 | 431.20 | 11/02/2020 | Text Books | 28/10/2025 | ||||
| Dewey Decimal Classification | B.Pharma | PIET C-LIBRARY | PIET C-LIBRARY | 11/02/2020 | Kirti Prakashan | Rupees | 599.00 | IN6378 | 660.6 DUT | BP1268 | 13/07/2020 | 431.20 | 11/02/2020 | Reference Books |